village Development Planning (Record no. 44654)
[ view plain ]
| 000 -LEADER | |
|---|---|
| fixed length control field | 003360000a22001450004500 |
| 003 - CONTROL NUMBER IDENTIFIER | |
| control field | MACL |
| 040 ## - CATALOGING SOURCE | |
| Original cataloging agency | MACL |
| 090 ## - LOCALLY ASSIGNED LC-TYPE CALL NUMBER (OCLC); LOCAL CALL NUMBER (RLIN) | |
| -- | 45116 |
| -- | 45114 |
| 100 ## - MAIN ENTRY--PERSONAL NAME | |
| Personal name | Yadav, H. R |
| 245 ## - TITLE STATEMENT | |
| Title | village Development Planning |
| 260 ## - PUBLICATION, DISTRIBUTION, ETC. (IMPRINT) | |
| Place of publication, distribution, etc. | New Delhi |
| Name of publisher, distributor, etc. | Logos Press |
| Date of publication, distribution, etc. | 2009 |
| 350 ## - PRICE (NR) (BK AM CF MU VM SE) [OBSOLETE] | |
| Price | 750/- |
| 690 ## - LOCAL SUBJECT ADDED ENTRY--TOPICAL TERM (OCLC, RLIN) | |
| Topical term or geographic name as entry element | Public Administration |
| 942 ## - ADDED ENTRY ELEMENTS (KOHA) | |
| Koha item type | Library Membar |
| Call number prefix | 354.2793/ YAD |
| Withdrawn status | Lost status | Source of classification or shelving scheme | Damaged status | Not for loan | Home library | Current library | Date acquired | Total Checkouts | Full call number | Barcode | Date last seen | Uniform Resource Identifier | Price effective from | Koha item type |
|---|---|---|---|---|---|---|---|---|---|---|---|---|---|---|
| MACL | MACL | 15/04/2015 | 354.2793/ YAD BOOK | CRE025160 | 02/05/2024 | 44920 | 15/04/2015 | Books |









